[Event "CZE-ch Youth B12 2022"]
[Site "Luhacovice"]
[Date "2022.03.15"]
[Round "5.2"]
[White "Delgerdalai, Bayarjavkhlan"]
[Black "Kroulik, Vaclav"]
[Result "1/2-1/2"]
[WhiteElo "2074"]
[BlackElo "1645"]
[Annotator "ChessBase"]
[PlyCount "86"]
[EventDate "2022.03.12"]
[EventType "swiss"]
[EventCountry "CZE"]
[SourceTitle "playchess.com"]
[Source "ChessBase"]
[SourceQuality "1"]
[TimeControl "5400+30"]

1. e4 {[%emt 0:00:03]} c5 {[%emt 0:00:07]} 2. Nf3 {[%emt 0:00:10]} d6 {[%emt 0:00:21]} 3. d4 {[%emt 0:00:09]} cxd4 {[%emt 0:00:07]} 4. Nxd4 {[%emt 0:00:03]} Nc6 {[%emt 0:00:22]} 5. c4 {[%emt 0:00:33]} g6 {[%emt 0:00:37]} 6. Be3 {[%emt 0:00:45]} Bg7 {[%emt 0:00:26]} 7. Nc3 {[%emt 0:00:22]} Nf6 {[%emt 0:00:45]} 8. f3 {[%emt 0:01:03]} a6 {[%emt 0:00:41]} 9. Be2 {[%emt 0:00:43]} Bd7 {[%emt 0:00:34]} 10. O-O {[%emt 0:01:20]} O-O {[%emt 0:00:47]} 11. Qd2 {[%emt 0:00:20]} Rc8 {[%emt 0:01:24]} 12. Rfc1 {[%emt 0:02:29]} Nxd4 {[%emt 0:09:25]} 13. Bxd4 {[%emt 0:00:07]} Be6 {[%emt 0:03:29]} 14. Nd5 {[%emt 0:05:03]} Bxd5 {[%emt 0:03:19]} 15. cxd5 {[%emt 0:02:18]} Nd7 {[%emt 0:02:06]} 16. b4 {[%emt 0:09:18]} Bxd4+ {[%emt 0:06:24]} 17. Qxd4 {[%emt 0:00:02]} Qb6 {[%emt 0:00:25]} 18. Qxb6 {[%emt 0:00:02]} Nxb6 {[%emt 0:00:02]} 19. a4 {[%emt 0:07:02]} Kg7 {[%emt 0:07:22]} 20. a5 {[%emt 0:05:16]} Nd7 {[%emt 0:00:22]} 21. f4 {[%emt 0:12:21]} h5 {[%emt 0:15:54]} 22. Kf2 {[%emt 0:02:30]} Kf6 {[%emt 0:02:10]} 23. Ke3 {[%emt 0:02:10]} e6 {[%emt 0:04:20]} 24. dxe6 {[%emt 0:05:08]} fxe6 {[%emt 0:00:59]} 25. g3 {[%emt 0:04:13]} Rfe8 {[%emt 0:02:32]} 26. b5 {[%emt 0:02:24]} Nc5 {[%emt 0:05:55]} 27. bxa6 {[%emt 0:01:27]} bxa6 {[%emt 0:00:25]} 28. Rab1 {[%emt 0:00:45]} Rb8 {[%emt 0:01:15]} 29. e5+ {[%emt 0:02:20]} Ke7 {[%emt 0:01:04]} 30. exd6+ {[%emt 0:02:31]} Kxd6 {[%emt 0:00:15]} 31. Rd1+ {[%emt 0:05:18]} Ke7 {[%emt 0:01:36]} 32. Bc4 {[%emt 0:05:47]} Nb7 {[%emt 0:07:39]} 33. Bxa6 {[%emt 0:02:54]} Nxa5 {[%emt 0:00:31]} 34. Bd3 {[%emt 0:02:33]} Kf6 {[%emt 0:00:33]} 35. Rxb8 {[%emt 0:02:04]} Rxb8 {[%emt 0:00:07]} 36. Rc1 {[%emt 0:00:52]} Rb2 {[%emt 0:02:04]} 37. Rc5 {[%emt 0:06:42]} Nb7 {[%emt 0:02:18]} 38. Rg5 {[%emt 0:00:17]} Rxh2 {[%emt 0:00:54]} 39. Rxg6+ {[%emt 0:00:08]} Kf7 {[%emt 0:01:38]} 40. Rh6 {[%emt 0:00:40]} Nd6 {[%emt 0:00:46]} 41. Kd4 {[%emt 0:05:51]} Rh3 {[%emt 0:04:40]} 42. Rh7+ {[%emt 0:02:18]} Kf6 {[%emt 0:00:31]} 43. Rh6+ {[%emt 0:02:02]} Kf7 {[%emt 0:00:08]} 1/2-1/2

[Event "CZE-ch Youth B12 2022"]
[Site "Luhacovice"]
[Date "2022.03.15"]
[Round "5.3"]
[White "Popov, Roman"]
[Black "Mik, Tomas"]
[Result "1-0"]
[WhiteElo "2353"]
[BlackElo "1643"]
[Annotator "TA"]
[PlyCount "91"]
[EventDate "2022.03.12"]
[EventType "swiss"]
[EventCountry "CZE"]
[SourceTitle "playchess.com"]
[Source "ChessBase"]
[SourceQuality "1"]

{[%evp 9,91,-35,-14,-22,-18,-21,-17,-11,0,-23,0,-20,-8,-49,-20,-64,10,6,20,-35,0,0,0,0,0,-1,0,0,0,0,0,0,0,0,0,0,35,20,20,20,35,35,56,35,35,33,62,62,118,118,494,494,1313,1299,1272,704,1204,184,170,170,236,235,236,236,247,194,443,456,441,437,408,399,29978,29978,29987,29988,29990,29989,29991,29992,29992,29993,29993,29991]} 1. d4 {[%cal Bd2d4,Bd4d5][%mdl 32]} d6 2. c4 e5 3. d5 f5 4. Nc3 Nf6 5. Qc2 g6 6. Bg5 {A41: 1 d4 d6: Tartakower System and Modern Defence.} h6 (6... Na6 {is more complex.} 7. f3 h6 8. Bd2 c6 9. Nh3 Bg7) 7. Bxf6 Qxf6 8. e4 {[#] The position is equal.} Bg7 $146 ({Predecessor:} 8... Na6 9. b4 Bg7 10. Bd3 O-O 11. a3 Qg5 12. f3 h5 13. h4 Qg3+ 14. Kf1 fxe4 15. Nxe4 {1-0 (62) Kmiecik,E (1797)-Florczak,A (1494) Poland 2017}) 9. Bd3 f4 10. f3 Nd7 11. g3 (11. Qf2 $11) 11... O-O 12. g4 (12. O-O-O $11) 12... Nc5 ({Better is} 12... Qh4+ $1 $15 13. Qf2 Bf6) 13. h4 $11 a5 14. Nge2 (14. h5 $11) 14... a4 (14... Bxg4 $5 15. fxg4 f3 $15) 15. h5 g5 16. O-O Qd8 {[%cal Oc8g4] [#] ...Bxg4! is the strong threat.} 17. Nc1 Bd7 18. Be2 Qb8 19. Nd3 Qa7 {[%csl LRd3,LRe4]} 20. Kg2 Bf6 21. Rab1 Nxd3 22. Qxd3 b6 23. Nb5 Qb7 24. Ra1 Rfb8 25. b3 Be7 26. Qc2 axb3 27. axb3 Bxb5 28. cxb5 {[%cal Bc4b5,Bb5a6][%mdl 32]} Bd8 ({Black should try} 28... Rxa1 $14 29. Rxa1 Qc8) 29. Ra6 $16 {[#] Strongly threatening Rfa1. White is more active.} Kf7 $2 {[%mdl 8192] A mistake that costs the game.} (29... Bf6 $16 30. Rfa1 Rf8 31. Rxa8 Rxa8 32. Rxa8+ Qxa8) 30. Rfa1 $18 Rxa6 (30... Kf8 $142 31. Qa2 Rxa6 32. bxa6 Qa7) 31. bxa6 Qa7 32. Bb5 {And now Qc6 would win.} c5 33. Qc4 $2 (33. dxc6 Kf6 34. Qc4) 33... Bc7 34. Qa4 Rd8 (34... Kg7 {is a better defense.} 35. Bc6 b5 36. Bxb5 Kf8) 35. Bd7 {[%cal Bb5d7,Bd7e6,Be6f5][%mdl 32]} Ke7 36. Be6 Kf8 37. b4 Bb8 $2 (37... b5 38. Qxb5 cxb4) 38. bxc5 dxc5 39. Qc6 Ke7 {To avoid Bd7} 40. Bf5 {Intending Qe6+ and mate.} Rd6 {Prevents Qe6+.} (40... Bd6 $18 41. Qb5 Bb8) 41. Qc8 {White mates.} Bc7 42. Qh8 b5 43. Qxe5+ Kf8 44. Qh8+ Ke7 45. Qg7+ Ke8 46. Bg6+ {Weighted Error Value: White=0.23 (precise) /Black=0.51} 1-0

[Event "CZE-ch Youth B12 2022"]
[Site "Luhacovice"]
[Date "2022.03.15"]
[Round "5.4"]
[White "Stejskal, Jakub"]
[Black "Martirosyan, David"]
[Result "0-1"]
[WhiteElo "1557"]
[BlackElo "1725"]
[Annotator "NA"]
[PlyCount "52"]
[EventDate "2022.03.12"]
[EventType "swiss"]
[EventCountry "CZE"]
[SourceTitle "playchess.com"]
[Source "ChessBase"]
[SourceQuality "1"]
[TimeControl "5400+30"]

1. e4 {[%emt 0:00:03]} c5 {[%emt 0:00:22]} 2. Nf3 {[%emt 0:00:15]} d6 {[%emt 0:00:19]} 3. d4 {[%emt 0:00:45]} cxd4 {[%emt 0:00:31]} 4. Nxd4 {[%emt 0:00:11]} Nf6 {[%emt 0:00:21]} 5. Nc3 {[%emt 0:00:20]} a6 {[%emt 0:00:31]} 6. f3 {[%emt 0:10:07]} e5 {[%emt 0:00:58]} 7. Nb3 {[%emt 0:02:48]} Be6 {[%emt 0:00:05]} 8. Be3 {[%emt 0:01:31]} Be7 {[%emt 0:00:06]} 9. Be2 {[%emt 0:00:50]} O-O {[%emt 0:00:06]} 10. O-O {[%emt 0:00:06]} Nbd7 {[%emt 0:00:34]} 11. Qd2 {[%emt 0:04:59]} b5 {[%emt 0:01:53]} 12. Rfd1 {[%emt 0:01:48]} Nb6 {[%emt 0:02:35]} 13. Na5 {[%emt 0:05:17]} Qc7 {[%emt 0:04:46]} 14. f4 {[%emt 0:14:04]} d5 {[%emt 0:20:48]} 15. fxe5 {[%emt 0:03:11]} Nxe4 {[%emt 0:01:25]} 16. Nxe4 {[%emt 0:00:09]} dxe4 {[%emt 0:00:16]} 17. Rac1 {[%emt 0:11:59]} Nd5 {[%emt 0:01:29]} 18. Nb3 {[%emt 0:01:08]} Nxe3 {[%emt 0:01:58]} 19. Qxe3 {[%emt 0:00:11]} Qxe5 {[%emt 0:00:32]} 20. Bf3 {[%emt 0:02:44]} Bg5 {[%emt 0:08:14]} 21. Qe1 {[%emt 0:09:55]} Bxc1 {[%emt 0:03:33]} 22. Bxe4 {[%emt 0:00:12]} f5 {[%emt 0:00:36]} 23. Bxa8 {[%emt 0:00:49]} Be3+ {[%emt 0:00:10]} 24. Kh1 {[%emt 0:00:11]} Rxa8 {[%emt 0:00:16]} 25. Rd3 {[%emt 0:01:22]} f4 {[%emt 0:00:33]} 26. g3 {[%emt 0:00:41]} Bd5+ {[%emt 0:00:31]} 0-1

[Event "CZE-ch Youth B12 2022"]
[Site "Luhacovice"]
[Date "2022.03.15"]
[Round "5.5"]
[White "Vana, Jan"]
[Black "Stary, Vojtech"]
[Result "1/2-1/2"]
[WhiteElo "1609"]
[BlackElo "1640"]
[Annotator "NA"]
[PlyCount "109"]
[EventDate "2022.03.12"]
[EventType "swiss"]
[EventCountry "CZE"]
[SourceTitle "playchess.com"]
[Source "ChessBase"]
[SourceQuality "1"]
[TimeControl "5400+30"]

1. c4 {[%emt 0:00:35]} c5 {[%emt 0:00:15]} 2. Nc3 Nf6 {[%emt 0:00:16]} 3. e4 {[%emt 0:02:55]} Nc6 {[%emt 0:00:49]} 4. g3 {[%emt 0:01:41]} d6 {[%emt 0:01:13]} 5. Bg2 {[%emt 0:02:46]} Nd4 {[%emt 0:01:02]} 6. h3 {[%emt 0:02:21]} g6 {[%emt 0:01:24]} 7. Nge2 {[%emt 0:01:37]} Bg7 {[%emt 0:01:10]} 8. O-O O-O {[%emt 0:01:12]} 9. d3 {[%emt 0:04:36]} Nd7 {[%emt 0:01:53]} 10. f4 {[%emt 0:11:30]} Nb8 {[%emt 0:06:39]} 11. g4 {[%emt 0:08:45]} Nbc6 {[%emt 0:02:10]} 12. Ng3 {[%emt 0:10:54]} f5 {[%emt 0:04:07]} 13. gxf5 {[%emt 0:04:27]} gxf5 {[%emt 0:00:44]} 14. Nh5 {[%emt 0:01:19]} Rf7 {[%emt 0:04:34]} 15. exf5 {[%emt 0:06:14]} Bxf5 {[%emt 0:01:21]} 16. Ne4 {[%emt 0:01:02]} Ne6 {[%emt 0:03:43]} 17. Neg3 {[%emt 0:08:07]} Qf8 {[%emt 0:04:59]} 18. Nxf5 {[%emt 0:05:07]} Rxf5 {[%emt 0:01:32]} 19. Be4 {[%emt 0:00:35]} Rf7 {[%emt 0:13:08]} 20. Bd5 {[%emt 0:01:18]} Bd4+ {[%emt 0:05:04]} 21. Kh2 {[%emt 0:02:38]} Ng7 {[%emt 0:02:08]} 22. Bxf7+ {[%emt 0:05:23]} Qxf7 {[%emt 0:00:21]} 23. Nxg7 {[%emt 0:00:30]} Kxg7 {[%emt 0:00:24]} 24. Qf3 {[%emt 0:02:39]} Kh8 {[%emt 0:00:28]} 25. Be3 {[%emt 0:02:00]} Rg8 {[%emt 0:01:20]} 26. Rg1 {[%emt 0:02:16]} Bxe3 27. Rxg8+ {[%emt 0:01:04]} Qxg8 {[%emt 0:01:00]} 28. Qxe3 {[%emt 0:00:25]} Qg7 {[%emt 0:00:45]} 29. Qf2 {[%emt 0:02:49]} Nd4 {[%emt 0:00:41]} 30. Rg1 {[%emt 0:01:56]} Qf7 {[%emt 0:02:01]} 31. Rg4 {[%emt 0:02:52]} Nf5 {[%emt 0:01:59]} 32. Qf3 {[%emt 0:02:15]} e6 {[%emt 0:01:14]} 33. a3 {[%emt 0:02:33]} Nd4 {[%emt 0:01:02]} 34. Qf2 {[%emt 0:00:55]} Qf5 {[%emt 0:02:57]} 35. Qg2 {[%emt 0:00:51]} Qf7 {[%emt 0:00:21]} 36. Qe4 {[%emt 0:00:50]} Nf5 {[%emt 0:00:37]} 37. b4 {[%emt 0:00:31]} a6 {[%emt 0:04:09]} 38. bxc5 {[%emt 0:00:27]} dxc5 {[%emt 0:00:16]} 39. Qe5+ {[%emt 0:00:11]} Ng7 {[%emt 0:00:57]} 40. Rg2 {[%emt 0:01:02]} h6 {[%emt 0:00:52]} 41. Qxc5 {[%emt 0:00:28]} Qxf4+ {[%emt 0:00:14]} 42. Kh1 {[%emt 0:00:26]} Qf3 {[%emt 0:00:59]} 43. Qf2 {[%emt 0:00:38]} Qxh3+ {[%emt 0:01:53]} 44. Rh2 {[%emt 0:00:30]} Qxd3 {[%emt 0:00:43]} 45. Rxh6+ {[%emt 0:00:12]} Kg8 {[%emt 0:00:07]} 46. Rf6 {[%emt 0:00:35]} Qd1+ {[%emt 0:01:08]} 47. Kg2 {[%emt 0:00:11]} Qg4+ {[%emt 0:00:11]} 48. Kh2 {[%emt 0:00:52]} Qh5+ {[%emt 0:00:16]} 49. Kg1 {[%emt 0:00:37]} Qd1+ {[%emt 0:00:38]} 50. Qf1 {[%emt 0:00:27]} Qg4+ {[%emt 0:00:12]} 51. Kh2 {[%emt 0:00:36]} Qh5+ {[%emt 0:00:38]} 52. Kg1 {[%emt 0:00:24]} Qg4+ {[%emt 0:00:16]} 53. Kf2 {[%emt 0:00:33]} Qd4+ {[%emt 0:00:13]} 54. Ke1 {[%emt 0:00:09]} Qc3+ {[%emt 0:00:44]} 55. Kd1 {[%emt 0:00:39]} 1/2-1/2

[Event "CZE-ch Youth B12 2022"]
[Site "Luhacovice"]
[Date "2022.03.15"]
[Round "5.6"]
[White "Sotek, Simon"]
[Black "Soucek, Andrej"]
[Result "0-1"]
[WhiteElo "1280"]
[BlackElo "1399"]
[Annotator "NA"]
[PlyCount "86"]
[EventDate "2022.03.12"]
[EventType "swiss"]
[EventCountry "CZE"]
[SourceTitle "playchess.com"]
[Source "ChessBase"]
[SourceQuality "1"]
[TimeControl "5400+30"]

1. d4 {[%emt 0:00:03]} Nf6 {[%emt 0:00:10]} 2. c4 {[%emt 0:00:09]} g6 {[%emt 0:00:08]} 3. Nc3 {[%emt 0:00:08]} d5 {[%emt 0:00:05]} 4. cxd5 {[%emt 0:00:32]} Nxd5 {[%emt 0:00:12]} 5. e4 {[%emt 0:00:25]} Nxc3 {[%emt 0:00:06]} 6. bxc3 {[%emt 0:00:06]} Bg7 {[%emt 0:00:08]} 7. Nf3 {[%emt 0:00:49]} c5 {[%emt 0:01:02]} 8. Bc4 {[%emt 0:01:10]} Nc6 {[%emt 0:01:57]} 9. Be3 {[%emt 0:01:50]} cxd4 {[%emt 0:02:40]} 10. Nxd4 {[%emt 0:03:39]} O-O {[%emt 0:03:25]} 11. O-O {[%emt 0:01:47]} Na5 {[%emt 0:05:44]} 12. Bb3 {[%emt 0:02:36]} Nxb3 {[%emt 0:03:05]} 13. Qxb3 {[%emt 0:01:13]} a6 {[%emt 0:27:52]} 14. Rad1 {[%emt 0:10:32]} Qc7 {[%emt 0:01:15]} 15. Rd3 {[%emt 0:08:01]} e5 {[%emt 0:02:08]} 16. Ne2 {[%emt 0:02:14]} Be6 {[%emt 0:00:26]} 17. Qb2 {[%emt 0:02:23]} b5 {[%emt 0:01:43]} 18. f3 {[%emt 0:05:39]} Bc4 {[%emt 0:02:16]} 19. Rd2 {[%emt 0:00:19]} Rfd8 {[%emt 0:01:39]} 20. Rfd1 {[%emt 0:03:31]} f5 {[%emt 0:06:09]} 21. Rxd8+ {[%emt 0:09:55]} Rxd8 {[%emt 0:00:06]} 22. Rxd8+ {[%emt 0:01:22]} Qxd8 {[%emt 0:00:06]} 23. Kf2 {[%emt 0:03:50]} f4 {[%emt 0:00:58]} 24. Bc1 {[%emt 0:06:33]} Qh4+ {[%emt 0:00:04]} 25. Kf1 {[%emt 0:02:38]} Qxh2 {[%emt 0:00:08]} 26. Qd2 {[%emt 0:02:28]} Qh1+ {[%emt 0:01:40]} 27. Kf2 {[%emt 0:00:17]} Qh4+ {[%emt 0:00:02]} 28. Kg1 {[%emt 0:00:47]} Bf8 {[%emt 0:00:19]} 29. Nd4 exd4 {[%emt 0:02:02]} 30. cxd4 {[%emt 0:02:53]} Qg3 {[%emt 0:02:06]} 31. Qxf4 {[%emt 0:01:32]} Qxf4 {[%emt 0:00:07]} 32. Bxf4 {[%emt 0:00:04]} Bxa2 {[%emt 0:00:48]} 33. d5 {[%emt 0:00:10]} b4 {[%emt 0:00:24]} 34. d6 {[%emt 0:00:42]} Be6 {[%emt 0:00:04]} 35. Kf2 {[%emt 0:00:36]} b3 {[%emt 0:00:09]} 36. Bc1 {[%emt 0:00:28]} Bxd6 {[%emt 0:00:05]} 37. Bb2 {[%emt 0:00:25]} a5 {[%emt 0:00:18]} 38. Ke3 {[%emt 0:00:08]} a4 {[%emt 0:00:07]} 39. Kd2 {[%emt 0:00:23]} a3 {[%emt 0:00:34]} 40. Kc1 {[%emt 0:00:15]} axb2+ {[%emt 0:00:10]} 41. Kxb2 {[%emt 0:00:13]} Be5+ {[%emt 0:00:11]} 42. Kb1 {[%emt 0:00:13]} b2 {[%emt 0:00:19]} 43. f4 {[%emt 0:00:09]} Bd4 {[%emt 0:00:15]} 0-1

[Event "CZE-ch Youth B12 2022"]
[Site "Luhacovice"]
[Date "2022.03.15"]
[Round "5.7"]
[White "Kozdon, Marek"]
[Black "Krautschneider, Daniel Jan"]
[Result "0-1"]
[WhiteElo "1183"]
[BlackElo "1304"]
[Annotator "NA"]
[PlyCount "116"]
[EventDate "2022.03.12"]
[EventType "swiss"]
[EventCountry "CZE"]
[SourceTitle "playchess.com"]
[Source "ChessBase"]
[SourceQuality "1"]
[TimeControl "5400+30"]

1. d4 {[%emt 0:00:28]} Nf6 {[%emt 0:00:04]} 2. Nf3 {[%emt 0:00:19]} g6 {[%emt 0:00:06]} 3. c4 {[%emt 0:00:28]} Bg7 {[%emt 0:00:14]} 4. Nc3 {[%emt 0:00:19]} d5 {[%emt 0:00:05]} 5. Qb3 {[%emt 0:00:21]} c6 {[%emt 0:02:01]} 6. cxd5 {[%emt 0:01:36]} cxd5 {[%emt 0:00:22]} 7. Bg5 {[%emt 0:00:24]} Nc6 {[%emt 0:04:14]} 8. e3 {[%emt 0:01:42]} O-O {[%emt 0:01:56]} 9. Be2 {[%emt 0:10:01]} Be6 {[%emt 0:02:37]} 10. Qxb7 {[%emt 0:01:56]} Qd6 {[%emt 0:01:11]} 11. Bf4 {[%emt 0:01:15]} Qd7 {[%emt 0:03:21]} 12. Qxd7 {[%emt 0:01:10]} Nxd7 {[%emt 0:00:13]} 13. O-O {[%emt 0:01:43]} Nb6 {[%emt 0:00:30]} 14. Rac1 {[%emt 0:01:18]} Rac8 {[%emt 0:01:04]} 15. Ba6 {[%emt 0:01:05]} Rcd8 {[%emt 0:01:17]} 16. Ne2 {[%emt 0:01:56]} Nb4 {[%emt 0:00:29]} 17. Bb5 {[%emt 0:00:43]} a6 {[%emt 0:00:42]} 18. Bc7 {[%emt 0:02:17]} axb5 {[%emt 0:01:33]} 19. Bxb6 {[%emt 0:00:21]} Rc8 {[%emt 0:00:29]} 20. a3 {[%emt 0:02:07]} Nd3 {[%emt 0:00:15]} 21. Rxc8 {[%emt 0:01:33]} Rxc8 {[%emt 0:00:09]} 22. b4 {[%emt 0:00:49]} h6 {[%emt 0:01:24]} 23. Bc5 {[%emt 0:00:25]} Kf8 {[%emt 0:00:56]} 24. Nc1 {[%emt 0:01:46]} Nxc5 {[%emt 0:00:20]} 25. dxc5 {[%emt 0:02:00]} Bb2 {[%emt 0:00:18]} 26. Nd4 {[%emt 0:00:18]} Bxd4 {[%emt 0:01:27]} 27. exd4 {[%emt 0:00:11]} Ra8 {[%emt 0:00:07]} 28. Nd3 {[%emt 0:00:46]} Rxa3 {[%emt 0:00:58]} 29. Ne5 {[%emt 0:01:05]} Ke8 {[%emt 0:01:46]} 30. Rb1 {[%emt 0:00:28]} Bf5 {[%emt 0:00:13]} 31. Rc1 {[%emt 0:00:15]} f6 {[%emt 0:00:12]} 32. Nc6 {[%emt 0:00:24]} Kd7 {[%emt 0:00:18]} 33. Na5 {[%emt 0:00:30]} Rd3 {[%emt 0:00:26]} 34. h3 {[%emt 0:01:53]} Rxd4 {[%emt 0:00:13]} 35. c6+ {[%emt 0:00:08]} Kc7 {[%emt 0:00:16]} 36. g4 {[%emt 0:00:52]} Be4 {[%emt 0:00:45]} 37. Re1 {[%emt 0:02:13]} e5 {[%emt 0:00:33]} 38. Re3 {[%emt 0:01:27]} Rxb4 {[%emt 0:00:27]} 39. f3 {[%emt 0:00:23]} Bb1 {[%emt 0:02:42]} 40. Rc3 {[%emt 0:00:44]} d4 {[%emt 0:00:38]} 41. Rc1 {[%emt 0:00:40]} d3 {[%emt 0:00:25]} 42. Rd1 {[%emt 0:00:10]} Bc2 {[%emt 0:00:15]} 43. Rd2 {[%emt 0:00:06]} Kb6 {[%emt 0:00:11]} 44. Nb7 {[%emt 0:00:13]} Kxc6 {[%emt 0:00:07]} 45. Nd8+ {[%emt 0:00:06]} Kd5 {[%emt 0:00:12]} 46. Kf2 {[%emt 0:00:12]} Kd4 {[%emt 0:00:25]} 47. Nc6+ {[%emt 0:00:15]} Kc3 {[%emt 0:00:22]} 48. Nxb4 {[%emt 0:00:42]} Kxb4 {[%emt 0:00:08]} 49. Ke3 {[%emt 0:00:06]} Kc3 {[%emt 0:00:05]} 50. h4 {[%emt 0:00:29]} b4 {[%emt 0:00:09]} 51. f4 {[%emt 0:00:08]} exf4+ {[%emt 0:00:05]} 52. Kxf4 {[%emt 0:00:05]} Kxd2 {[%emt 0:00:10]} 53. g5 {[%emt 0:00:12]} fxg5+ {[%emt 0:00:03]} 54. Kf3 {[%emt 0:00:19]} Kc1 {[%emt 0:00:06]} 55. h5 {[%emt 0:02:23]} gxh5 {[%emt 0:00:13]} 56. Kf2 {[%emt 0:00:08]} d2 {[%emt 0:00:08]} 57. Kg3 {[%emt 0:00:04]} d1=Q {[%emt 0:00:08]} 58. Kf2 {[%emt 0:00:07]} Kd2 {[%emt 0:00:16]} 0-1

[Event "CZE-ch Youth B12 2022"]
[Site "Luhacovice"]
[Date "2022.03.15"]
[Round "5.8"]
[White "Kutil, Adam"]
[Black "Jansky, Adam"]
[Result "1-0"]
[WhiteElo "1544"]
[BlackElo "1233"]
[Annotator "NA"]
[PlyCount "69"]
[EventDate "2022.03.12"]
[EventType "swiss"]
[EventCountry "CZE"]
[SourceTitle "playchess.com"]
[Source "ChessBase"]
[SourceQuality "1"]
[TimeControl "5400+30"]

1. e4 {[%emt 0:00:23]} e5 {[%emt 0:00:02]} 2. Nf3 {[%emt 0:00:31]} Nc6 {[%emt 0:00:05]} 3. Bb5 {[%emt 0:00:31]} a6 {[%emt 0:00:05]} 4. Ba4 {[%emt 0:00:35]} Nf6 {[%emt 0:00:06]} 5. O-O {[%emt 0:00:49]} b5 {[%emt 0:00:05]} 6. Bb3 {[%emt 0:00:35]} Be7 {[%emt 0:00:05]} 7. Re1 {[%emt 0:01:02]} O-O {[%emt 0:00:04]} 8. d3 {[%emt 0:02:01]} d5 {[%emt 0:00:48]} 9. exd5 {[%emt 0:01:07]} Nxd5 10. Nxe5 {[%emt 0:01:01]} Nxe5 {[%emt 0:00:14]} 11. Rxe5 {[%emt 0:00:10]} c6 {[%emt 0:00:04]} 12. Re1 {[%emt 0:02:23]} Bb7 {[%emt 0:03:14]} 13. d4 {[%emt 0:08:26]} a5 {[%emt 0:01:50]} 14. Bxd5 {[%emt 0:06:11]} cxd5 {[%emt 0:00:33]} 15. Qe2 {[%emt 0:06:24]} Bf6 {[%emt 0:02:52]} 16. Qxb5 {[%emt 0:00:49]} Qc7 {[%emt 0:00:20]} 17. c3 {[%emt 0:02:38]} Bc6 {[%emt 0:01:12]} 18. Qd3 {[%emt 0:03:12]} Rfe8 {[%emt 0:01:02]} 19. Be3 {[%emt 0:02:38]} Bg5 {[%emt 0:00:38]} 20. Nd2 {[%emt 0:04:31]} Bxe3 {[%emt 0:01:09]} 21. Rxe3 {[%emt 0:00:47]} Rxe3 {[%emt 0:00:39]} 22. Qxe3 {[%emt 0:00:39]} Re8 {[%emt 0:00:05]} 23. Qd3 {[%emt 0:03:14]} Qb7 {[%emt 0:00:50]} 24. Qc2 {[%emt 0:02:12]} Re2 {[%emt 0:01:14]} 25. b3 {[%emt 0:05:35]} Qe7 {[%emt 0:07:35]} 26. Qd1 {[%emt 0:06:05]} Re6 {[%emt 0:02:38]} 27. Nf1 {[%emt 0:04:20]} Bd7 {[%emt 0:02:32]} 28. Ne3 {[%emt 0:01:15]} Rg6 {[%emt 0:04:14]} 29. Nxd5 {[%emt 0:03:19]} Qd6 {[%emt 0:01:32]} 30. Ne3 {[%emt 0:02:27]} Bh3 {[%emt 0:00:57]} 31. Qf3 {[%emt 0:01:40]} Bc8 {[%emt 0:00:54]} 32. Qa8 {[%emt 0:03:50]} Qc7 {[%emt 0:00:28]} 33. Nd5 {[%emt 0:01:08]} Qd8 {[%emt 0:00:22]} 34. Re1 {[%emt 0:01:51]} h6 {[%emt 0:01:17]} 35. Qxc8 {[%emt 0:01:08]} 1-0

[Event "CZE-ch Youth B12 2022"]
[Site "Luhacovice"]
[Date "2022.03.15"]
[Round "5.9"]
[White "Chon, Jeremy"]
[Black "Pasek, Josef"]
[Result "1-0"]
[WhiteElo "1455"]
[BlackElo "1351"]
[Annotator "NA"]
[PlyCount "43"]
[EventDate "2022.03.12"]
[EventType "swiss"]
[EventCountry "CZE"]
[SourceTitle "playchess.com"]
[Source "ChessBase"]
[SourceQuality "1"]
[TimeControl "5400+30"]

1. Nf3 {[%emt 0:00:02]} Nf6 {[%emt 0:00:14]} 2. d4 {[%emt 0:00:02]} g6 {[%emt 0:00:27]} 3. Bf4 {[%emt 0:00:06]} Bg7 {[%emt 0:00:19]} 4. e3 {[%emt 0:00:09]} d6 {[%emt 0:01:00]} 5. h3 {[%emt 0:00:04]} O-O {[%emt 0:03:12]} 6. Be2 {[%emt 0:00:12]} Nbd7 {[%emt 0:01:59]} 7. O-O {[%emt 0:02:01]} Re8 {[%emt 0:03:10]} 8. c4 {[%emt 0:00:50]} e6 {[%emt 0:10:04]} 9. Nc3 {[%emt 0:00:23]} a6 {[%emt 0:00:22]} 10. b4 {[%emt 0:03:20]} Qe7 {[%emt 0:03:33]} 11. Rc1 {[%emt 0:22:49]} Nh5 {[%emt 0:11:54]} 12. Bh2 {[%emt 0:00:14]} f5 {[%emt 0:00:09]} 13. c5 {[%emt 0:08:09]} e5 {[%emt 0:02:57]} 14. Nd5 {[%emt 0:06:01]} Qd8 {[%emt 0:03:21]} 15. cxd6 {[%emt 0:02:05]} Nb6 {[%emt 0:05:05]} 16. Nxc7 {[%emt 0:00:59]} exd4 {[%emt 0:04:24]} 17. Nxe8 {[%emt 0:04:34]} Qxe8 {[%emt 0:00:26]} 18. Nxd4 {[%emt 0:00:17]} f4 {[%emt 0:00:37]} 19. Bxh5 {[%emt 0:01:49]} gxh5 {[%emt 0:00:24]} 20. Bxf4 {[%emt 0:01:02]} Qg6 {[%emt 0:00:27]} 21. Kh1 {[%emt 0:00:53]} Nd5 {[%emt 0:00:13]} 22. Qb3 {[%emt 0:00:26]} 1-0